000 00716nas a2200241 i 4500
001 1058
003 ES-MaACL
005 20250828062526.0
007 t|
008 950801c1959 sp t| | 1 ||pa d
080 _a37
245 0 0 _aEducadores /
_c[dir. José de Ercilla].
260 _aMadrid :
_bFederación Española de Religiosos de Enseñanza,
_c1959-
300 _a43 v. ;
_c24 cm.
310 _aCuatrimestral
362 0 _aAño I, v. I (1959)-
650 7 _aEducación
_2embne
_912073
700 1 _aErcilla, José de,
_edir.
_947362
710 2 _aFederación Española de Religiosos de Enseñanza.
_94105
852 _aES-MaACL
_jHem-1035
866 0 _o1960-64(1965),1967-2000.
999 _c1058
_d1058